| 000 | 01686nam a2200265 a 4500 | ||
|---|---|---|---|
| 001 | 000001963 | ||
| 003 | DO-SdBNP | ||
| 005 | 20250613130920.0 | ||
| 008 | 090630s2006 dr abcd 001 0 spa d | ||
| 040 |
_aDO-SdBNP _bspa _cBNPHU |
||
| 082 | 4 |
_a333.91 _bI41n _222 |
|
| 245 | 1 | 3 |
_aEl INDRHI en el desarrollo nacional / _cpresentación de Francisco T. Rodríguez. |
| 260 |
_aSanto Domingo : _bINDRHI, _c2006. |
||
| 300 |
_aiii, 252 p. : _bil., mapas, retrs. ; _c25 cm. |
||
| 500 | _aIncluye anexos | ||
| 505 | 0 | _aPresentación -- Introducción -- La administración del agua y el desarrollo hidráulico -- La gestión del agua -- Infraestructura hidráulica -- Manejo de fenómenos naturales extremos -- Evolución de los sistemas de riego -- El suministro de agua y la producción de alimentos -- Catastro digital de las tierras regadas -- La descentralización demócrata del servicio de riego -- La estrategia de apoyo agro empresarial y desarrollo sociocultural -- El capital humano en el INDRHI -- Las inversiones realizadas y fuentes de financiamiento -- Contribuciones del INDRHI al desarrollo comunitario -- Anexos -- Indice de mapas -- Indice de gráficos -- Indice de fotos -- Indice de imagen -- Indice de cuadros. | |
| 590 | _aInventariado, 2018/LP | ||
| 650 | 7 |
_aAbastecimiento de agua _zRepública Dominicana _911680 _2LEMB |
|
| 650 | 4 |
_aRecursos naturales _zRepública Dominicana _91560 |
|
| 650 | 4 |
_aDesarrollo de recursos hidrológicos _zRepública Dominicana _96364 |
|
| 700 | 1 | 2 |
_aRodríguez, Francisco T. _96365 |
| 710 | 2 |
_aInstituto Nacional de Recursos Hidráulicos (República Dominicana) _96366 |
|
| 910 | _aValidado. Control de calidad. MFF | ||
| 942 |
_2ddc _cLBS1 |
||
| 999 |
_c1829 _d1829 |
||